Who Needs the Click-e-Mart? Quiz Stats

 Plays Quiz Updated Aug 9, 2019

Score 0/5 Timer 02:00
1 Play Today
% Correct
The Kwik-E-Mart is real—D'oh!
64.9%
Their floors are sticky-mart!
63.8%
Now here's the tricky part…
61.5%
Let's hurl a brick-e-mart!
55.9%
They made dad sick-e-mart!
47.2%

You're not logged in!

Compare scores with friends on all Sporcle quizzes.
OR
Log In

Sporcle TV

Today on Sporcle TV


Watch our educational content, quiz creation guides, and fun videos on Sporcle TV.

Show Comments

Extras

Top Quizzes Today


Score Distribution

Your Account Isn't Verified!

In order to create a playlist on Sporcle, you need to verify the email address you used during registration. Go to your Sporcle Settings to finish the process.

Report this User

Report this user for behavior that violates our Community Guidelines.

Details: